00713nam a2200181 i 450000100060000000300090000600500170001500700030003200800410003508000200007610000380009624501600013426000990029430000260039350000480041965000300046785200340049791701ES-MaACL20250809063509.0t|050208s1990 sp ||||1| spa d a262.14(460)"18"1 aVilar, Juan Bautista, d1941-201810aAlgunas noticias sobre el clero español en la Argelia francesa, en vísperas de la Ley de Naturalización Automática de 1889 / cpor Juan Bta. Vilar. a[Madrid] : bCentro de Estudios Históricos, Departamento de Historia de la Iglesia, c[1990] ap. 531-536 ; c24 cm. aSeparata de: Hispania Sacra, vol. 42, 1990.14aClero-zEspaña-yS.XIX. aES-MaACLj2186-F-7 bR.135346